|
|
|
|
| LEADER |
01895njm a2200445 a 4500 |
| 001 |
001391276 |
| 003 |
CZ BrMZK |
| 005 |
20140618082919.0 |
| 007 |
sd fungnnmmned |
| 008 |
140530s2012 xr munng f n cze d |
| 024 |
3 |
|
|a 8595210931326
|
| 028 |
0 |
1 |
|a JR 0313-2
|b Tonstudio Rajchman
|
| 040 |
|
|
|a BOA001
|b cze
|
| 047 |
|
|
|a zz
|a fm
|a df
|a wz
|
| 072 |
|
7 |
|a 784
|x Vokální hudba
|2 Konspekt
|9 9
|
| 080 |
|
|
|a 785.12
|2 MRF
|
| 080 |
|
|
|a 78.085.2
|2 MRF
|
| 080 |
|
|
|a 784.4.088
|2 MRF
|
| 080 |
|
|
|a (086.76)
|2 MRF
|
| 110 |
2 |
|
|a Dubňanka (hudební skupina)
|7 kn20110711006
|
| 245 |
1 |
0 |
|a Už sa rozednívá--
|h [zvukový záznam] /
|c Dubňanka
|
| 260 |
|
|
|a Dolní Bojanovice :
|b Tonstudio Rajchman,
|c 2012
|
| 300 |
|
|
|a 1 zvuková deska (46:35) :
|b digital ;
|c 12 cm
|
| 306 |
|
|
|a 004635
|
| 500 |
|
|
|a Kompaktní deska
|
| 500 |
|
|
|a Hudba, úpravy písní Bohumír Kameník a další ; text Jaroslava Kameníková a další
|
| 505 |
0 |
0 |
|t Palikovská --
|t Pršalo, bylo tma --
|t Před Pilátovo --
|t Bílá lalia --
|t Chcel bych dívča --
|t Už sa rozednívá --
|t Lanžhotský --
|t Očka sa ně zavírajú --
|t Marné čekání --
|t Kamenická --
|t Jindřichovi --
|t Holuběnka --
|t U našeho stavení --
|t Zpívali mužíci--
|
| 511 |
1 |
|
|a Dechová hudba Dubňanka z Dolních Dubňan
|
| 518 |
|
|
|a Nahrálo Tonstudio Jaromír Rajchman Dolní Bojanovice, 2012
|
| 650 |
0 |
7 |
|a dechová hudba
|7 ph119353
|2 czenas
|
| 650 |
0 |
7 |
|a polky
|7 ph224419
|2 czenas
|
| 650 |
0 |
7 |
|a valčíky
|7 ph224487
|2 czenas
|
| 650 |
0 |
7 |
|a lidové písně, úpravy
|7 ph320413
|2 czenas
|
| 655 |
|
7 |
|a kompaktní desky
|7 fd201991
|2 czenas
|
| 700 |
1 |
|
|a Kameník, Bohumír,
|d 1954-
|7 mzk2005280280
|4 cmp
|4 arr
|
| 700 |
1 |
|
|a Kameníková, Jaroslava
|7 mzk2014816621
|4 lyr
|
| 910 |
|
|
|a BOA001
|b CDR-1326.112
|
| 990 |
|
|
|a AV
|
| 991 |
|
|
|b 201406
|
| 996 |
6 |
|
|b 2610592969
|c CDR-1326.112
|l MZK
|r Sklad / do 24 hodin
|n 0
|p p.v.
|w 001426369
|u 000010
|a 1
|e BOA001
|j MZK50
|s P
|